000 01163nam0a2200349 4500
001 RU\NLR\bibl\1843848
005 20260408165259.0
010 _a978-5-9533-6221-4
_91000
021 _aRU
_b2011-91410
_96541
035 _a(NLR Aleph) 001834292
090 _a2182685
_c2182685
100 _a20111206d2011 |||y0rusy50 ca
101 0 _arus
102 _aRU
105 _ay |||||||||
200 1 _aМифы капитализма и его реальности
_fЕвгений Колкотин
205 _a2-е изд., испр. и доп.
210 _aМосква
_cВече
_d2011
215 _a255 с.
_d20
300 _aНа 4-й с. обл.: Вече 20 лет
606 _aКапитализм
_xПротиворечия
_3RU\NLR\auth\66510564
_91248063
606 _aКапитализм
_yРоссия
_3RU\NLR\auth\66510566
_91248068
686 _aУ010.5
686 _aУ03(2)5
700 1 _aКолкотин
_bЕ. А.
_gЕвгений Александрович
_4070
801 0 _aRU
_bNLR
_c20111206
_gRCR
801 1 _aRU
_bNLR
_c20111206
830 _aАвт. по кн.
942 _cBOOK
980 _aNB
980 _aNBR